000 01203cam a2200325 a 4500
001 000014846
003 DO-SdBNP
005 20260217115038.0
008 790117s1966 ve b 000 0 spa
035 _a(OCoLC)4556670
040 _aDO-SdBNP
_cNAlU
_dDLC
042 _apremarc
049 _aBNGR
082 _a364.019
_bG633i, 1966
100 1 _aGómez Grillo, Elio.
_d1925-
_929922
245 1 0 _aIntroducción a la criminología :
_bcon especial referencia al medio venezolano /
_cElio Gómez Grillo ; prólogo, José Luis Vethencourt B.
250 _a2a ed.
260 _aCaracas :
_bPublicaciones de la Facultad de Derecho, Universidad Central de Venezuela,
_c1966.
300 _a460 p. ;
_c24 cm.
490 1 _aTesis de doctorado
_v5
500 _aUniversidad Central de Venezuela.
504 _aBibliografía (p. [427] -450).
650 7 _aCriminología
_917089
_2LIBRUNAM
650 0 _aCrimen
_zVenezuela.
_929875
700 1 _aVethencourt B., José Luis
_epról.
_933640
810 2 _aUniversidad Central de Venezuela.
_bFacultad de Derecho.
_tTesis de doctorado ;
_vv. 5
_929977
830 0 _aTesis de doctorado ;
_v5
_929514
910 _aCatalogación derivada
942 _2ddc
_cLBS1
999 _c14426
_d14426